000 01288namaa22003491i 4500
003 EG-GICUC
005 20251217155812.0
008 251217s2000 su ||||jr|||| 000 0 ara d
020 _a9960244695
040 _aEG-GiCUC
_bara
_cEG-GiCUC
_dEG-GiCUC
_erda
041 _aara
_heng
082 0 4 _221
_a400
_bP6553
092 0 4 _221
_a400
_bP6553
099 _a400 P6553
100 1 _aبنكر، ستيفن
_d1954-
_eمؤلف.
240 1 _aThe language instinct
_lArabic
245 1 _aالغريزة اللغوية :
_bكيف يبدع العقل اللغة /
_cتأليف ستيفن بنكر ؛ تعريب د. حمزة بن قبلان المزينى
264 _aالرياض (السعودية) :
_bدار المريخ،
_c2000
300 _a؛ 636 صفحة
_c24 سم
336 _2rdacontent
_atext
337 _2rdamedia
_aUnmediated
338 _2rdacarrier
_avolume
500 _aالترجمة العربية ل : The language instinct
504 _a587-546 ببليوجرافيا: صفحات.
541 _aد. جابر عصفور ؛
_bالقاهرة ؛
_cإهداء ؛
_d2024.
650 1 7 _aاللغة
_2qrmak
650 1 7 _aالعقل
651 1 _2qrmak
700 1 _aالمزينى، حمزة بن قبلان
_eمترجم.
905 _aHuda
942 _2ddc
_cBK
_e21
_n0
999 _c176794
_d176794